000 01187nam a22003017a 4500
001 27041
003 BD-RjUL
005 20211209051114.0
008 140324s1933 enka ab 001 0 eng
035 _a(BD-RjUL)27112
040 _aDLC
_cDLC
_beng
041 1 _aeng
_hasm
082 _a954.16
_bBAT 1933
100 1 _aBarbarua, Srinath Duara.
_983065
245 1 0 _aTungkhungia buranji, or, A history of Assam, 1681-1826 A.D :
_ban old Assamese chronicle of the Tungkhungia dynasty of Ahom sovereigns with marginalia, genealogical tables, bibliography, glossary, and index /
_cSrinath Duara Barbarua] ; compiled, edited, and translated by S.K. Bhuyan.
246 3 0 _aTungkhungia buranji
246 3 0 _aHistory of Assam, 1681-1826 A.D.
260 _aLondon :
_bOxford University Press,
_c1933.
300 _axxxii, 262 p. :
_b ill. ;
_c21 cm.
504 _aIncludes bibliographical references and index.
651 0 _aAssam (India)
_xHistory.
_983066
830 0 _vitem 09977.
_983070
700 1 _aBhuyan, Suryya Kumar.
_983068
830 0 _aSAMP early 20th-century Indian books project ;
_983071
942 _2ddc
_cBK
999 _c27041
_d27041